Les films avec le plus d'oscars - Statistiques

Statistiques générales
  • Ce quiz a été pris 198 fois
  • Le résultat moyen est 9 sur 28
Statistiques - réponses
Année de sortie Nombres d'oscars Acteur du rôle principal Indice films % Correct
1997 11 Kate Winslet Un bateau qui coule Titanic
99%
2024 7 Cillian Murphy La fabrication d'une bombe nucléaire Oppenheimer
78%
2003 11 Elijah Wood Jeter des bijoux dans un volcan Le Seigneur des anneaux : Le Retour du roi
67%
1993 7 Liam Neeson Sauver les Juifs des nazis La liste de Schindler
65%
1959 11 Charlton Heston Course de chariot Ben-Hur
52%
1961 10 Natalie Wood Batailles de gangs et de la dance ! West Side Story
52%
1984 8 F. Murray Abraham L'assassinat de Mozart Amadeus
51%
2013 7 Sandra Bullock Les déchets spatiaux sont dangereux Gravity
50%
2008 8 Dev Patel Jeu télévisé sur le sous-continent Slumdog Millionaire
49%
2023 7 Michelle Yeoh Univers parallèles Everything Everywhere All at Once
41%
1939 8 Vivien Leigh La belle du sud après la guerre Autant en emporte le vent
38%
1982 8 Ben Kingsley Pacifiste en pagne Gandhi
35%
1962 7 Peter O'Toole Guérilla britannique au Moyen-Orient Lawrence d'Arabie
29%
1987 9 John Lone Les derniers jours de la dynastie Qing Le Dernier Empereur
27%
1996 9 Ralph Fiennes Soldat de la première Guerre Mondiale brulé Le patient anglais
27%
1985 7 Meryl Streep Aristocrate danois au Kenya Out of Africa
27%
1998 7 Gwyneth Paltrow Le barde cherche la romance Shakespeare in Love
25%
1957 7 Alec Guinness Construction d'infrastructures en Birmanie Le Pont de la rivière Kwaï
21%
1972 8 Liza Minnelli Un club allemand, mon vieux Cabaret
17%
1970 7 George C. Scott Un général de la Seconde Guerre mondiale qui a le vent en poupe Patton
17%
1973 7 Robert Redford Les escrocs dans l'Illinois de la Grande Dépression L'Arnaque
15%
1954 8 Marlon Brando Il aurait pu y avoir une contenda Sur les quais
14%
1990 7 Kevin Costner Les Sioux à l'assaut de la nature Dance avec les loups
9%
1964 8 Audrey Hepburn La pluie en Espagne... My Fair Lady
9%
1953 8 Burt Lancaster Des soldats à Hawaii Tant qu'il y aura des hommes
9%
1958 9 Maurice Chevalier Parisien bon vivant Gigi
7%
1946 7 Myrna Loy Fred, Homer, Milly, Peggy et leurs amis Les Plus belles années de notre vie
2%
1944 7 Bing Crosby Un nouveau prêtre en ville La Route semée d'étoiles
1%
Aucun quiz correspondant
Distribution des résultats
% des personnes avec chaque résultat
Percentile par nombre de réponses
Votre historique - résultats
Vous n’avez pas pris ce quiz